Sports Quiz

Random Sports or College Quiz

1 Minute College Basketball Blitz Quiz Stats

Quiz not verified by Sporcle

Also try: Olympics by Emblem
Challenge
Share
Tweet
Embed
Score 0/10 Timer 01:00
0 Plays Today
Name A % Correct
Philadelphia Big 5 SchoolTemple
95.4%
90's National ChampUNLV
93.5%
School Located in a NYC BoroughSt. Johns
84.3%
WCC SchoolGonzaga
75%
2013 NCAA Tournament One SeedLouisville
72.2%
2013 NCAA Tournament Final 4 SchoolLouisville
70.4%
15 Seed That Beat a 2 SeedFlorida Gulf Coast
53.7%
11 Seed That Made The Final 4VCU
45.4%
2000's NIT WinnerPenn State
38.9%
Independent SchoolNJIT
29.6%

You're not logged in!

Compare scores with friends on all Sporcle quizzes.
Join for Free
OR
Log In

You Might Also Like...

Show Comments

Extras

Top Quizzes Today


Score Distribution

Your Account Isn't Verified!

In order to create a playlist on Sporcle, you need to verify the email address you used during registration. Go to your Sporcle Settings to finish the process.

Report this User

Report this user for behavior that violates our Community Guidelines.

Details: